Normal view
MARC view
Entry Personal Name
001 - CONTROL NUMBER
- control field: 80737
003 - CONTROL NUMBER IDENTIFIER
- control field: dpl
005 - DATE AND TIME OF LATEST TRANSACTION
- control field: 20250421152840.0
008 - FIXED-LENGTH DATA ELEMENTS
- fixed length control field: 250421|| aca||aabn | a|a d
040 ## - CATALOGING SOURCE
- Original cataloging agency: dpl
- Transcribing agency: dpl
100 ## - HEADING--PERSONAL NAME
- Personal name: 'यश' सिंह यशपाल
670 ## - SOURCE DATA FOUND
- Source citation: Work cat.: (dpl)211040: 'यश' सिंह यशपाल, सम्पूर्ण भगवद्रीता दोहों में;
